[Event "2. Bundesliga West 2016/17"]
[Site "Tirol"]
[Date "2016.10.28"]
[Round "1"]
[Board "1"]
[White "Gatterer, Florian"]
[Black "Votava, Jan"]
[Result "1-0"]
[WhiteElo "2281"]
[BlackElo "2522"]
[PlyCount "85"]
[EventDate "2016.10.28"]
[EventType "team"]
[EventRounds "11"]
[EventCountry "AUT"]
[WhiteTeam "Rochade Rum"]
[BlackTeam "Zillertal"]

1. c4 e6 2. Nf3 d5 3. e3 Nf6 4. Nc3 Be7 5. b3 O-O 6. Bb2 c5 7. cxd5 Nxd5 8.
Nxd5 Qxd5 9. Bc4 Qd8 10. O-O Nc6 11. d4 cxd4 12. Nxd4 Nxd4 13. Bxd4 Bf6 14. Qe2
Bxd4 15. Rad1 Qe7 16. Rxd4 e5 17. Rd2 a6 18. Rfd1 b5 19. Bd5 Ra7 20. e4 Rc7 21.
Rc2 g6 22. Rxc7 Qxc7 23. Qd2 Kg7 24. Rc1 Qe7 25. Qb2 h5 26. f4 f6 27. Qf2 Be6
28. Bxe6 Qxe6 29. f5 Qd7 30. fxg6 Kxg6 31. h3 Rg8 32. Kh2 Kf7 33. Rc5 Rg5 34.
Rd5 Qe6 35. Qa7+ Kg6 36. Rd7 Qg8 37. Qf2 Qe6 38. Ra7 Qc8 39. b4 Qe6 40. Rb7 Qc8
41. Rb6 Qd8 42. Rxa6 h4 43. Rb6 1-0

[Event "2. Bundesliga West 2016/17"]
[Site "Tirol"]
[Date "2016.10.28"]
[Round "1"]
[Board "2"]
[White "Lanka, Zigurds"]
[Black "Spornberger, Maximilian"]
[Result "1-0"]
[WhiteElo "2445"]
[BlackElo "2300"]
[PlyCount "75"]
[EventDate "2016.10.28"]
[EventType "team"]
[EventRounds "11"]
[EventCountry "AUT"]
[WhiteTeam "Zillertal"]
[BlackTeam "Rochade Rum"]

1. e4 e6 2. d4 d5 3. Nc3 Bb4 4. e5 b6 5. a3 Bf8 6. Nf3 a5 7. Bb5+ c6 8. Ba4 Ba6
9. Ne2 b5 10. Bb3 c5 11. c3 c4 12. Bc2 Nc6 13. h4 h6 14. h5 Nge7 15. Nh4 Qb6
16. Ng3 Bc8 17. f4 Bd7 18. Qf3 O-O-O 19. f5 Re8 20. f6 gxf6 21. exf6 Ng8 22.
O-O Nxd4 23. cxd4 Qxd4+ 24. Qe3 Qxh4 25. Qb6 e5 26. Be3 Re6 27. Qa7 Qxg3 28.
Rf3 Qh4 29. Qa8+ Kc7 30. Qxa5+ Kc8 31. Qa8+ Kc7 32. Qxf8 Rxf6 33. Ba7 Bc8 34.
Bf2 Qxh5 35. Rxf6 Nxf6 36. Qc5+ Kd7 37. Qxb5+ Kd8 38. Qb6+ 1-0

[Event "2. Bundesliga West 2016/17"]
[Site "Tirol"]
[Date "2016.10.28"]
[Round "1"]
[Board "3"]
[White "Spornberger, Andre"]
[Black "Hausner, Ivan"]
[Result "0-1"]
[WhiteElo "2288"]
[BlackElo "2360"]
[PlyCount "62"]
[EventDate "2016.10.28"]
[EventType "team"]
[EventRounds "11"]
[EventCountry "AUT"]
[WhiteTeam "Rochade Rum"]
[BlackTeam "Zillertal"]

1. d4 d6 2. Bf4 g6 3. e3 Bg7 4. Nf3 Nf6 5. h3 O-O 6. Be2 Nbd7 7. O-O Qe8 8. c4
e5 9. Bh2 Ne4 10. Nbd2 Nxd2 11. Qxd2 e4 12. Ne1 f5 13. Nc2 g5 14. b4 Qg6 15. c5
Bh6 16. cxd6 cxd6 17. Na3 f4 18. f3 fxe3 19. Qxe3 g4 20. Qb3+ Kh8 21. fxg4 Nb6
22. d5 Bd7 23. Rad1 Ba4 24. Qc3+ Bg7 25. Qc7 Bxd1 26. Rxd1 Qg5 27. Bxd6 Qe3+
28. Kh2 Qxe2 29. Bxf8 Rxf8 30. Qc2 Be5+ 31. Kg1 Qe3+ 0-1

[Event "2. Bundesliga West 2016/17"]
[Site "Tirol"]
[Date "2016.10.28"]
[Round "1"]
[Board "4"]
[White "Tabernig, Bernhard"]
[Black "Moroder, Stefan"]
[Result "1/2-1/2"]
[WhiteElo "2330"]
[BlackElo "2206"]
[PlyCount "84"]
[EventDate "2016.10.28"]
[EventType "team"]
[EventRounds "11"]
[EventCountry "AUT"]
[WhiteTeam "Zillertal"]
[BlackTeam "Rochade Rum"]

1. d4 Nf6 2. c4 g6 3. Nc3 Bg7 4. e4 d6 5. Nf3 O-O 6. Be2 e5 7. O-O Nc6 8. d5
Ne7 9. Ne1 c5 10. Rb1 Ne8 11. b4 b6 12. bxc5 bxc5 13. Qa4 f5 14. f3 f4 15. Bd2
h5 16. Nd3 g5 17. Nb5 Ng6 18. Ba5 Qe7 19. Nf2 Nh4 20. Rb3 Bd7 21. Qa3 Rf6 22.
Rfb1 g4 23. fxg4 Rg6 24. h3 a6 25. Be1 Nf6 26. Nc7 Rf8 27. Ne6 Bxe6 28. dxe6
Qxe6 29. Qxa6 hxg4 30. hxg4 Nxg2 31. Kxg2 Nxg4 32. Bxg4 Rxg4+ 33. Kf3 Rg3+ 34.
Ke2 Qg6 35. Kd2 Re3 36. Rd3 Qh5 37. Qxd6 Qe2+ 38. Kc3 Qxa2 39. Qe6+ Kh7 40.
Rxe3 fxe3 41. Qh3+ Kg8 42. Qe6+ Kh7 1/2-1/2

[Event "2. Bundesliga West 2016/17"]
[Site "Tirol"]
[Date "2016.10.28"]
[Round "1"]
[Board "5"]
[White "Hengl, Christian"]
[Black "Kupfner, Franz"]
[Result "1-0"]
[WhiteElo "2226"]
[BlackElo "2159"]
[PlyCount "111"]
[EventDate "2016.10.28"]
[EventType "team"]
[EventRounds "11"]
[EventCountry "AUT"]
[WhiteTeam "Rochade Rum"]
[BlackTeam "Zillertal"]

1. c4 c5 2. Nf3 Nc6 3. Nc3 g6 4. g3 Bg7 5. Bg2 e6 6. e3 Nge7 7. d4 cxd4 8. exd4
d5 9. cxd5 Nxd5 10. O-O O-O 11. Nxd5 exd5 12. Be3 Bg4 13. Qd2 Re8 14. h3 Bf5
15. Rfd1 Qd7 16. Kh2 Be4 17. Rac1 a5 18. Ne5 Nxe5 19. dxe5 Bxg2 20. Kxg2 Bxe5
21. Qxd5 Qxd5+ 22. Rxd5 h5 23. Rb5 Re7 24. Rcc5 Bf6 25. Rb6 Re6 26. Rxb7 Re7
27. Rb6 Bg7 28. Rcb5 Rc7 29. Rb8+ Rxb8 30. Rxb8+ Kh7 31. b3 Rc2 32. a4 Rb2 33.
Rb7 Kg8 34. Kf3 Rb1 35. h4 Bc3 36. Ke4 Bb4 37. Rb8+ Kg7 38. Bd4+ f6 39. Rb7+
Kg8 40. Bxf6 Rxb3 41. Bd4 Ra3 42. Kd5 Rxa4 43. Rg7+ Kf8 44. Rxg6 Ra2 45. Rg5
Rc2 46. Rxh5 a4 47. Rh8+ Kf7 48. Ra8 a3 49. h5 a2 50. g4 Bd2 51. Ra7+ Kg8 52.
Ke4 Bh6 53. g5 Bxg5 54. Rg7+ Kf8 55. Rxg5 Rxf2 56. Rf5+ 1-0

[Event "2. Bundesliga West 2016/17"]
[Site "Tirol"]
[Date "2016.10.28"]
[Round "1"]
[Board "6"]
[White "Schiestl, Josef"]
[Black "Babinetz, Rainer"]
[Result "1-0"]
[WhiteElo "2123"]
[BlackElo "2000"]
[PlyCount "79"]
[EventDate "2016.10.28"]
[EventType "team"]
[EventRounds "11"]
[EventCountry "AUT"]
[WhiteTeam "Zillertal"]
[BlackTeam "Rochade Rum"]

1. e4 d5 2. exd5 Qxd5 3. Nc3 Qd6 4. d4 c6 5. Nf3 Nf6 6. Ne5 Nbd7 7. Nc4 Qe6+ 8.
Be2 Nd5 9. Bd2 N7b6 10. Ne5 Nxc3 11. Bxc3 Nd5 12. Bd2 Qf6 13. O-O e6 14. c4 Nf4
15. Bf3 Bd6 16. Nxc6 O-O 17. Bb4 Bxb4 18. Nxb4 Rd8 19. Nc2 Bd7 20. Bxb7 Rab8
21. Qf3 e5 22. dxe5 Qxe5 23. b3 Qg5 24. Ne3 Bh3 25. Bd5 Rd6 26. Kh1 Nxd5 27.
Nxd5 Be6 28. Nc3 Qg6 29. Rad1 Rxd1 30. Rxd1 Bg4 31. Qb7 Re8 32. Qe7 f6 33. Rd8
Rxd8 34. Qxd8+ Kf7 35. h3 Bh5 36. Qd7+ Kf8 37. Qxa7 Qc2 38. Qc5+ Kg8 39. Qxh5
Qc1+ 40. Nd1 1-0

[Event "2. Bundesliga West 2016/17"]
[Site "Tirol"]
[Date "2016.10.28"]
[Round "1"]
[Board "1"]
[White "Fedorovsky, Michael"]
[Black "Eybl, Alexander"]
[Result "1-0"]
[WhiteElo "2497"]
[BlackElo "2277"]
[PlyCount "90"]
[EventDate "2016.10.28"]
[EventType "team"]
[EventRounds "11"]
[EventCountry "AUT"]
[WhiteTeam "Jenbach 2"]
[BlackTeam "Pradl"]

1. d4 Nf6 2. c4 c5 3. d5 b5 4. cxb5 a6 5. e3 g6 6. Nc3 Bg7 7. Nf3 O-O 8. a4 d6
9. e4 axb5 10. Bxb5 Ba6 11. Bf4 Nbd7 12. O-O Bxb5 13. axb5 Nb6 14. Qe2 Nfd7 15.
Ra6 Rc8 16. e5 dxe5 17. Nxe5 Nxe5 18. Bxe5 Nxd5 19. Rd1 e6 20. Bxg7 Kxg7 21.
Qe5+ Kg8 22. Nxd5 exd5 23. Rxd5 Re8 24. Rxd8 Rcxd8 25. Qxe8+ Rxe8 26. Kf1 Re4
27. Rc6 Rb4 28. Rxc5 Rxb2 29. g4 h6 30. h4 Rb4 31. f3 Rb2 32. Ke1 Rb3 33. Ke2
Kg7 34. h5 Kf6 35. Kf2 Kg7 36. Kg3 Rb4 37. hxg6 fxg6 38. Rc7+ Kf8 39. Rb7 Kg8
40. f4 Rb3+ 41. Kh4 Rb4 42. b6 Kh8 43. f5 gxf5 44. Kh5 Kg8 45. gxf5 Kf8 1-0

[Event "2. Bundesliga West 2016/17"]
[Site "Tirol"]
[Date "2016.10.28"]
[Round "1"]
[Board "2"]
[White "Sucher, Johannes"]
[Black "Reich, Thomas"]
[Result "0-1"]
[WhiteElo "2122"]
[BlackElo "2349"]
[PlyCount "134"]
[EventDate "2016.10.28"]
[EventType "team"]
[EventRounds "11"]
[EventCountry "AUT"]
[WhiteTeam "Pradl"]
[BlackTeam "Jenbach 2"]

1. d4 Nf6 2. Bg5 e6 3. Nd2 d5 4. e3 c5 5. c3 Nc6 6. Bd3 Be7 7. f4 O-O 8. Ngf3
Bd7 9. O-O c4 10. Bxf6 Bxf6 11. Bc2 b5 12. Ne5 g6 13. a4 b4 14. Nxc6 Bxc6 15.
cxb4 Qb6 16. b5 Bd7 17. b3 c3 18. Nf3 a6 19. bxa6 Bc8 20. Ne5 Be7 21. Qg4 f5
22. Qg3 Bf6 23. h4 Bxe5 24. fxe5 Bxa6 25. Rf4 Ra7 26. Qf2 Rff7 27. Kh2 Qb4 28.
Rg1 h5 29. Qe1 Rab7 30. Qa1 Rfc7 31. Qa2 Qe7 32. Rc1 Kg7 33. Ra1 Rb4 34. Rc1
Kh6 35. g3 Rb8 36. Qa1 Be2 37. Re1 Bg4 38. Rh1 Qb4 39. Rf2 Rg8 40. Qf1 Qe7 41.
Qa6 Rb8 42. Rb1 g5 43. Qd6 Rb4 44. Qxe7 Rxe7 45. Kg2 Rg7 46. Kh2 Rgb7 47. Rg1
Rg7 48. Rgg2 Rgb7 49. Rf1 Rb8 50. Rgf2 Rg8 51. Re1 Rg7 52. Rff1 Rg8 53. hxg5+
Kxg5 54. Kg2 Rgb8 55. Rh1 Kg6 56. Kf2 Kf7 57. Ra1 Ke7 58. Rhb1 Kd8 59. Ra3 R8b7
60. Bd3 Rh7 61. Rc1 h4 62. Rxc3 hxg3+ 63. Kxg3 Rh3+ 64. Kf4 Rb7 65. Ra2 Rg7 66.
Rf2 Bd1 67. Bxf5 Rh4+ 0-1

[Event "2. Bundesliga West 2016/17"]
[Site "Tirol"]
[Date "2016.10.28"]
[Round "1"]
[Board "3"]
[White "Micheli, Carlo"]
[Black "Matt, Stefan"]
[Result "1-0"]
[WhiteElo "2242"]
[BlackElo "2122"]
[PlyCount "85"]
[EventDate "2016.10.28"]
[EventType "team"]
[EventRounds "11"]
[EventCountry "AUT"]
[WhiteTeam "Jenbach 2"]
[BlackTeam "Pradl"]

1. e4 e6 2. d4 d5 3. Nc3 Nf6 4. Bg5 dxe4 5. Nxe4 Be7 6. Bxf6 gxf6 7. Nf3 f5 8.
Nc3 a6 9. Qd2 b5 10. O-O-O Bb7 11. Qe3 Qd6 12. Ne5 Nd7 13. Be2 Nxe5 14. dxe5
Qc5 15. Bf3 Qxe3+ 16. fxe3 Bxf3 17. gxf3 Bc5 18. Rhe1 Rg8 19. Re2 Ke7 20. a3
Rad8 21. b4 Bb6 22. Rxd8 Kxd8 23. a4 Rg1+ 24. Kd2 c6 25. f4 Kc7 26. axb5 axb5
27. Nd1 c5 28. bxc5 Ba5+ 29. c3 Kc6 30. Kc2 Kxc5 31. Rd2 Kc6 32. Nb2 Bb6 33.
Rd6+ Kc7 34. c4 Bxe3 35. cxb5 Rc1+ 36. Kb3 Bxf4 37. Nc4 Rb1+ 38. Ka4 Bxh2 39.
b6+ Kc8 40. Rc6+ Kb7 41. Rc7+ Kb8 42. Rxf7 Bg3 43. Ka5 1-0

[Event "2. Bundesliga West 2016/17"]
[Site "Tirol"]
[Date "2016.10.28"]
[Round "1"]
[Board "4"]
[White "Lins, Philipp"]
[Black "Fuchs, Georg"]
[Result "1-0"]
[WhiteElo "2131"]
[BlackElo "2215"]
[PlyCount "67"]
[EventDate "2016.10.28"]
[EventType "team"]
[EventRounds "11"]
[EventCountry "AUT"]
[WhiteTeam "Pradl"]
[BlackTeam "Jenbach 2"]

1. Nf3 Nf6 2. g3 c5 3. c4 Nc6 4. Bg2 e5 5. Nc3 d6 6. d3 Be7 7. O-O O-O 8. Ne1
Bg4 9. Nc2 Qd7 10. Ne3 Bh3 11. Ned5 Ne8 12. a3 Bxg2 13. Kxg2 f5 14. e3 Bg5 15.
Rb1 Rc8 16. b3 Qe6 17. f4 Bh6 18. b4 b6 19. b5 Ne7 20. Nxe7+ Qxe7 21. Nd5 Qe6
22. Bb2 Nc7 23. Nxc7 Rxc7 24. Qc2 Re7 25. Rbd1 Rfe8 26. fxe5 Bxe3 27. Rde1 f4
28. exd6 Qxd6 29. gxf4 Re6 30. Be5 Rg6+ 31. Kh1 Rxe5 32. fxe5 Qxe5 33. Rf3 Bf2
34. Qxf2 1-0

[Event "2. Bundesliga West 2016/17"]
[Site "Tirol"]
[Date "2016.10.28"]
[Round "1"]
[Board "5"]
[White "Hoellrigl, Wilfried"]
[Black "Nedelchev, Nikolay"]
[Result "1-0"]
[WhiteElo "2151"]
[BlackElo "2016"]
[PlyCount "75"]
[EventDate "2016.10.28"]
[EventType "team"]
[EventRounds "11"]
[EventCountry "AUT"]
[WhiteTeam "Jenbach 2"]
[BlackTeam "Pradl"]

1. e4 c6 2. d4 d5 3. e5 Bf5 4. Nc3 h6 5. g4 Bd7 6. Be3 e6 7. Qd2 Bb4 8. a3 Qa5
9. Bd3 c5 10. dxc5 Nc6 11. Nf3 d4 12. Nxd4 Nxe5 13. Be2 Nf6 14. Nb3 Bxc3 15.
Nxa5 Bxd2+ 16. Bxd2 O-O 17. f4 Nc6 18. Nxc6 Bxc6 19. O-O Be4 20. Rac1 Rfc8 21.
g5 hxg5 22. fxg5 Nd5 23. c4 Ne7 24. Rf4 Bg6 25. b4 e5 26. Rf2 Rd8 27. Bc3 Nc6
28. h4 Nd4 29. Bg4 Bd3 30. Re1 e4 31. h5 Nf3+ 32. Bxf3 exf3 33. Rxf3 Bxc4 34.
h6 gxh6 35. Bf6 Re8 36. Rfe3 Rxe3 37. Rxe3 hxg5 38. Rh3 1-0

[Event "2. Bundesliga West 2016/17"]
[Site "Tirol"]
[Date "2016.10.28"]
[Round "1"]
[Board "6"]
[White "Mitterwald, Johannes"]
[Black "Czoeppan, Thomas"]
[Result "1-0"]
[WhiteElo "2105"]
[BlackElo "2098"]
[PlyCount "93"]
[EventDate "2016.10.28"]
[EventType "team"]
[EventRounds "11"]
[EventCountry "AUT"]
[WhiteTeam "Pradl"]
[BlackTeam "Jenbach 2"]

1. e4 d5 2. exd5 Qxd5 3. Nf3 Nf6 4. Be2 c6 5. d4 Bg4 6. h3 Bxf3 7. Bxf3 Qd6 8.
O-O e6 9. c4 Be7 10. Nc3 O-O 11. Qb3 Qb4 12. Qxb4 Bxb4 13. a3 Bxc3 14. bxc3 Rc8
15. a4 Nbd7 16. a5 b6 17. a6 e5 18. Re1 e4 19. Bxe4 Nxe4 20. Rxe4 Re8 21. Rxe8+
Rxe8 22. Be3 f6 23. Rb1 g5 24. c5 Ra8 25. Kf1 Kf7 26. f4 gxf4 27. Bxf4 bxc5 28.
Rb7 Ke6 29. Rc7 cxd4 30. cxd4 h5 31. Rxc6+ Kf5 32. Bg3 Nb6 33. Rc5+ Ke4 34.
Rxh5 Nd5 35. Rh7 Rc8 36. Kg1 Rc1+ 37. Kh2 Ne3 38. h4 f5 39. Re7+ Kd3 40. Be5
Re1 41. Rxa7 Nf1+ 42. Kh3 Re3+ 43. g3 Rf3 44. Rf7 Rf2 45. Rxf5 Rxf5 46. a7 Ne3
47. a8=Q 1-0

[Event "2. Bundesliga West 2016/17"]
[Site "Hohenems"]
[Date "2016.10.28"]
[Round "1"]
[Board "1"]
[White "Froewis, Georg"]
[Black "Novkovic, Milan"]
[Result "1/2-1/2"]
[WhiteElo "2463"]
[BlackElo "2371"]
[PlyCount "99"]
[EventDate "2016.10.28"]
[EventType "team"]
[EventRounds "11"]
[EventCountry "AUT"]
[WhiteTeam "Hohenems II"]
[BlackTeam "Dornbirn"]

1. Nf3 e6 2. c4 c5 3. g3 b6 4. Bg2 Bb7 5. O-O Nf6 6. Nc3 Be7 7. Re1 a6 8. e4 d6
9. d4 cxd4 10. Nxd4 Qc7 11. Be3 Nbd7 12. f4 Rc8 13. Rc1 O-O 14. g4 Nc5 15. Bf2
g6 16. f5 e5 17. Nc2 gxf5 18. exf5 Bxg2 19. Kxg2 Qb7+ 20. Nd5 Nxd5 21. cxd5 Kh8
22. Nb4 Rg8 23. h3 a5 24. Nc6 Bg5 25. Rc2 f6 26. Bxc5 dxc5 27. Qf3 Rg7 28. a3
Rd7 29. b4 cxb4 30. axb4 Qa6 31. bxa5 bxa5 32. Ra2 a4 33. Ree2 Qc4 34. Qe4
Qxe4+ 35. Rxe4 Ra8 36. Rexa4 Rxa4 37. Rxa4 Rxd5 38. Ra8+ Kg7 39. Ra7+ Kh8 40.
Ra8+ Kg7 41. Rd8 Rxd8 42. Nxd8 h5 43. Ne6+ Kh6 44. Kf3 Bh4 45. Ke4 hxg4 46.
hxg4 Be1 47. Kf3 Bb4 48. Nc7 Kg5 49. Ke4 Ba5 50. Nd5 1/2-1/2

[Event "2. Bundesliga West 2016/17"]
[Site "Hohenems"]
[Date "2016.10.28"]
[Round "1"]
[Board "2"]
[White "Leutwyler, Martin"]
[Black "Breder, Dennis"]
[Result "0-1"]
[WhiteElo "2164"]
[BlackElo "2473"]
[PlyCount "76"]
[EventDate "2016.10.28"]
[EventType "team"]
[EventRounds "11"]
[EventCountry "AUT"]
[WhiteTeam "Dornbirn"]
[BlackTeam "Hohenems II"]

1. d4 Nf6 2. c4 e6 3. g3 d5 4. Bg2 dxc4 5. Nf3 Bb4+ 6. Bd2 a5 7. Qc2 Bxd2+ 8.
Nbxd2 b5 9. a4 c6 10. O-O O-O 11. Rfd1 Ba6 12. b3 c3 13. axb5 cxb5 14. Ng5 Ra7
15. Qxc3 Nd5 16. Bxd5 Qxd5 17. Qe3 b4 18. Nh3 Nc6 19. Nf3 Qb5 20. Nf4 Rd7 21.
Rdc1 Bb7 22. Rc5 Qb6 23. Ne5 Nxe5 24. dxe5 a4 25. Nh5 Rfd8 26. f3 Rc7 27. Rac1
Rxc5 28. Rxc5 axb3 29. Kg2 h6 30. Nf6+ gxf6 31. Qxh6 Qxc5 32. exf6 Qf8 33. Qg5+
Kh7 34. Qh5+ Qh6 35. Qxf7+ Kh8 36. Qe7 Rf8 37. f7 b2 38. g4 b1=Q 0-1

[Event "2. Bundesliga West 2016/17"]
[Site "Hohenems"]
[Date "2016.10.28"]
[Round "1"]
[Board "3"]
[White "Baenziger, Fabian"]
[Black "Novkovic, Julia"]
[Result "1-0"]
[WhiteElo "2314"]
[BlackElo "2135"]
[PlyCount "79"]
[EventDate "2016.10.28"]
[EventType "team"]
[EventRounds "11"]
[EventCountry "AUT"]
[WhiteTeam "Hohenems II"]
[BlackTeam "Dornbirn"]

1. e4 e5 2. Nf3 Nc6 3. Bb5 a6 4. Ba4 Nf6 5. O-O Be7 6. Qe2 b5 7. Bb3 d6 8. c3
O-O 9. d4 Bg4 10. Rd1 Bh5 11. a4 b4 12. Bd5 Nxd5 13. exd5 Na5 14. Nbd2 bxc3 15.
bxc3 exd4 16. cxd4 Bf6 17. Qd3 c5 18. dxc6 Nxc6 19. Ba3 Re8 20. Rac1 Bg6 21.
Qc4 Ne7 22. Qb4 Nf5 23. d5 Rb8 24. Qc4 Rb6 25. Bb4 Qa8 26. Ba5 Rbb8 27. Qc6 Be7
28. Nc4 Rbc8 29. Qxa8 Rxa8 30. Nb6 Ra7 31. h3 Bf6 32. Rc6 h5 33. Nc8 Rd7 34.
Bb4 Be7 35. g4 hxg4 36. hxg4 Nh6 37. Re1 Nxg4 38. Bxd6 Rxc8 39. Rxc8+ Kh7 40.
Bxe7 1-0

[Event "2. Bundesliga West 2016/17"]
[Site "Hohenems"]
[Date "2016.10.28"]
[Round "1"]
[Board "4"]
[White "Ruescher, Christian"]
[Black "Hofer, Emilian"]
[Result "0-1"]
[WhiteElo "2058"]
[BlackElo "2105"]
[PlyCount "110"]
[EventDate "2016.10.28"]
[EventType "team"]
[EventRounds "11"]
[EventCountry "AUT"]
[WhiteTeam "Dornbirn"]
[BlackTeam "Hohenems II"]

1. c4 e5 2. Nc3 Nf6 3. e3 Bb4 4. a3 Bxc3 5. bxc3 O-O 6. a4 c5 7. d3 e4 8. d4 d6
9. Ne2 Nc6 10. Nf4 b6 11. f3 Na5 12. fxe4 Nxe4 13. Qf3 Bb7 14. Bd3 Qh4+ 15. g3
Nxg3 16. Qf2 Bxh1 17. hxg3 Qh6 18. Rb1 Rae8 19. Rb2 Be4 20. Bf1 Rc8 21. d5 Rce8
22. Bd2 Qh1 23. Bc1 Nxc4 24. Ra2 Ne5 25. Kd2 Ng4 26. Qe1 Qh2+ 27. Be2 Nxe3 28.
c4 Nf5 29. Ra3 Nd4 30. Qf1 Nxe2 31. Qxe2 Qxe2+ 32. Nxe2 Bg6 33. Nc3 a6 34. Rb3
Rb8 35. Ke2 Rfe8+ 36. Be3 Kf8 37. Kd2 Ke7 38. Ra3 Kd7 39. Bf4 Bf5 40. Rb3 f6
41. Rb2 Kc7 42. a5 bxa5 43. Ra2 Rb4 44. Rxa5 g5 45. Rxc5+ Kd7 46. Bxd6 Kxd6 47.
Rc6+ Kd7 48. Nd1 Re5 49. Kc3 Rb1 50. Kd2 Rb3 51. Rxf6 Rd3+ 52. Kc1 Re1 53. Rxf5
Rexd1+ 54. Kc2 R1d2+ 55. Kc1 Rg2 0-1

[Event "2. Bundesliga West 2016/17"]
[Site "Hohenems"]
[Date "2016.10.28"]
[Round "1"]
[Board "5"]
[White "Kranzl, Julian"]
[Black "Busch, Michael"]
[Result "1-0"]
[WhiteElo "2120"]
[BlackElo "1960"]
[PlyCount "67"]
[EventDate "2016.10.28"]
[EventType "team"]
[EventRounds "11"]
[EventCountry "AUT"]
[WhiteTeam "Hohenems II"]
[BlackTeam "Dornbirn"]

1. e4 e6 2. d4 d5 3. Nc3 Bb4 4. e5 Ne7 5. Bd2 Nbc6 6. Nf3 b6 7. Bd3 Bb7 8. O-O
Qd7 9. Qe2 h6 10. a3 Bxc3 11. Bxc3 g5 12. b4 Ng6 13. g3 Nce7 14. a4 g4 15. Nd2
h5 16. a5 Rc8 17. Nb3 Kf8 18. Bd2 Nf5 19. f3 Qe7 20. fxg4 hxg4 21. Bxf5 exf5
22. Rxf5 c5 23. bxc5 bxc5 24. Nxc5 Rc6 25. Raf1 Rh7 26. Qb5 Rxc5 27. dxc5 Bc8
28. Qb8 Qxc5+ 29. R1f2 Ne7 30. Bb4 Qc6 31. Rf6 Qd7 32. e6 Qb7 33. Rxf7+ Rxf7
34. Rxf7+ 1-0

[Event "2. Bundesliga West 2016/17"]
[Site "Hohenems"]
[Date "2016.10.28"]
[Round "1"]
[Board "6"]
[White "Erwin-Casero, Daniel"]
[Black "Heinrici, Simon"]
[Result "0-1"]
[WhiteElo "1815"]
[BlackElo "2099"]
[PlyCount "110"]
[EventDate "2016.10.28"]
[EventType "team"]
[EventRounds "11"]
[EventCountry "AUT"]
[WhiteTeam "Dornbirn"]
[BlackTeam "Hohenems II"]

1. e4 e5 2. Nf3 Nc6 3. Bb5 a6 4. Ba4 Nf6 5. O-O b5 6. Bb3 Bc5 7. d3 d6 8. c3
Ne7 9. Nbd2 Ng6 10. Re1 O-O 11. Nf1 Be6 12. Be3 Ba7 13. Bc2 Ng4 14. Bxa7 Rxa7
15. h3 Nh6 16. d4 Qc8 17. dxe5 dxe5 18. Bb3 c5 19. Bxe6 Qxe6 20. Qd5 Qxd5 21.
exd5 f6 22. b3 c4 23. bxc4 bxc4 24. Ne3 Rd8 25. g3 Ne7 26. Red1 Rad7 27. Rd2
Nxd5 28. Rad1 Nb6 29. Nxc4 Rxd2 30. Rxd2 Rxd2 31. Nfxd2 Na4 32. Nb1 Kf7 33. Kf1
Ke6 34. Ne3 Nf7 35. Ke2 Ng5 36. h4 Ne4 37. c4 Nec3+ 38. Nxc3 Nxc3+ 39. Kd2 Nxa2
40. Nd5 a5 41. Kc2 Kd6 42. Kb3 Nc1+ 43. Ka4 Kc5 44. Kxa5 Nd3 45. f3 Nb2 46. Ne7
Nxc4+ 47. Ka4 Nd2 48. f4 e4 49. Nf5 g6 50. Ne3 Kd4 51. Ng2 e3 52. g4 Nf3 53. h5
e2 54. hxg6 hxg6 55. g5 f5 0-1

[Event "2. Bundesliga West 2016/17"]
[Site "Hohenems"]
[Date "2016.10.28"]
[Round "1"]
[Board "1"]
[White "Gretz, Denis"]
[Black "Dobosz, Henryk"]
[Result "1-0"]
[WhiteElo "2339"]
[BlackElo "2390"]
[PlyCount "117"]
[EventDate "2016.10.28"]
[EventType "team"]
[EventRounds "11"]
[EventCountry "AUT"]
[WhiteTeam "Goetzis 2"]
[BlackTeam "Bregenz 2"]

1. e4 e6 2. d4 d5 3. Nc3 Nc6 4. Nf3 Nf6 5. Bd3 Bb4 6. O-O h6 7. e5 Nd7 8. Ne2
Bf8 9. a3 Ne7 10. Be3 c5 11. dxc5 Nc6 12. Bb5 Nxc5 13. c4 dxc4 14. Ned4 Bd7 15.
Nxc6 Bxc6 16. Bxc6+ bxc6 17. Qxd8+ Rxd8 18. Rac1 Rd5 19. Rxc4 Kd7 20. b4 Nd3
21. Bxa7 Be7 22. Bd4 g5 23. g3 Ra8 24. Rc3 Nf4 25. gxf4 g4 26. Be3 gxf3 27. Bc1
c5 28. bxc5 Bxc5 29. Rxf3 h5 30. Rh3 h4 31. Rxh4 Rg8+ 32. Kh1 Bxf2 33. Rh3 Bc5
34. Rb3 Kc6 35. Rc3 Kd7 36. Be3 Bxe3 37. Rxe3 Rd2 38. Rg3 Rh8 39. Rg2 Rd3 40.
Ra2 Ra8 41. a4 Ra5 42. Kg2 Rd4 43. Kg3 Raxa4 44. Rxa4 Rxa4 45. h4 Ke7 46. h5
Ra2 47. h6 Kf8 48. Rg1 Ra3+ 49. Kg4 Ra2 50. Rh1 Rg2+ 51. Kf3 Rg8 52. Ke4 Rh8
53. Kd4 Ke7 54. Kc5 Rc8+ 55. Kb6 Rh8 56. Kc7 Rh7 57. Rh2 Rh8 58. h7 f6 59. Rh1
 1-0

[Event "2. Bundesliga West 2016/17"]
[Site "Hohenems"]
[Date "2016.10.28"]
[Round "1"]
[Board "2"]
[White "Bezler, Rainer"]
[Black "Mittelberger, Peter"]
[Result "1/2-1/2"]
[WhiteElo "2234"]
[BlackElo "2143"]
[PlyCount "60"]
[EventDate "2016.10.28"]
[EventType "team"]
[EventRounds "11"]
[EventCountry "AUT"]
[WhiteTeam "Bregenz 2"]
[BlackTeam "Goetzis 2"]

1. d4 g6 2. Nf3 Bg7 3. g3 d6 4. Bg2 Nf6 5. O-O O-O 6. c4 c6 7. Nc3 Nbd7 8. e4
e5 9. h3 a6 10. Be3 Re8 11. Qc2 b5 12. cxb5 cxb5 13. Rfd1 Bb7 14. dxe5 dxe5 15.
Qb3 Qe7 16. Nd5 Nxd5 17. exd5 Qd6 18. a4 e4 19. Bf4 Qf6 20. Ng5 Nc5 21. Qc2
Rac8 22. axb5 h6 23. bxa6 Bxa6 24. d6 Bd3 25. Nxe4 Bxc2 26. Nxf6+ Bxf6 27. d7
Nxd7 28. Rxd7 g5 29. Be3 Bxb2 30. Raa7 Bg6 1/2-1/2

[Event "2. Bundesliga West 2016/17"]
[Site "Hohenems"]
[Date "2016.10.28"]
[Round "1"]
[Board "3"]
[White "Scheffknecht, Philipp"]
[Black "Barthelmann, Benno"]
[Result "1-0"]
[WhiteElo "2052"]
[BlackElo "2097"]
[PlyCount "122"]
[EventDate "2016.10.28"]
[EventType "team"]
[EventRounds "11"]
[EventCountry "AUT"]
[WhiteTeam "Goetzis 2"]
[BlackTeam "Bregenz 2"]

1. d4 f5 2. c4 Nf6 3. g3 g6 4. Bg2 Bg7 5. Nc3 O-O 6. Nf3 d6 7. O-O Qe8 8. d5 a5
9. Rb1 Na6 10. b3 Bd7 11. Nd4 Nc5 12. a3 c6 13. Bb2 e5 14. dxe6 Nxe6 15. Nxe6
Qxe6 16. Qd3 Rad8 17. Rfd1 Bc8 18. Na4 Qf7 19. Qc3 Qc7 20. e3 Be6 21. Rbc1 Ne4
22. Qxg7+ Qxg7 23. Bxg7 Kxg7 24. Nb6 g5 25. b4 axb4 26. axb4 Bf7 27. Rd3 Bh5
28. f3 Nf6 29. Rcd1 Rfe8 30. h3 Re6 31. Kf2 Bg6 32. f4 Ne4+ 33. Bxe4 fxe4 34.
Rd4 gxf4 35. gxf4 Kf6 36. Rg1 Re7 37. Rg5 h6 38. Ra5 Bf5 39. Ra1 Rg7 40. Rg1
Rxg1 41. Kxg1 Ke6 42. Kh2 Rg8 43. Na4 Ra8 44. Nc3 Ra3 45. Nxe4 Rxe3 46. Nxd6
Rxh3+ 47. Kg2 Rb3 48. c5 h5 49. Nxb7 h4 50. Nd8+ Kf6 51. Rd6+ Ke7 52. Nxc6+ Ke8
53. Rd8+ Kf7 54. Ne5+ Ke7 55. Nc6+ Kf7 56. Ne5+ Ke7 57. Rd2 Be4+ 58. Kh2 Rxb4
59. c6 Bf5 60. c7 Rb3 61. Nc6+ Kf6 {Zeit} 1-0